| 000 | 01257nam a2200325 i 4500 | ||
|---|---|---|---|
| 001 | 000030482 | ||
| 003 | DO-SdBNP | ||
| 005 | 20240909110638.0 | ||
| 007 | ta | ||
| 008 | 110518s2010 dr ac 001 0 spa d | ||
| 020 | _a9789945020977 | ||
| 040 |
_aDO-SdBNP _bspa _cBNPHU _erda |
||
| 082 | 4 |
_a340.55 _bJ41m _222 |
|
| 245 | 0 | 0 |
_aJavier Malagón Barceló, el derecho indiano y su exilio en la República Dominicana / _ccompilador, Constancio Cassá Bernarldo de Quirós. |
| 264 |
_aSanto Domingo : _bEditor Archivo General de la Nación: _bComisión Permanente de Efemérides Patrias, _c2010. |
||
| 300 |
_a325 páginas : _bilustraciones, retratos ; _c23 cm. |
||
| 336 |
_atexto _btxt _2rdacontent |
||
| 337 |
_asin mediación _bn _2rdamedia |
||
| 338 |
_avolumen _bnc _2rdacarrier |
||
| 490 | 1 | _aComisión Permanente de Eferides Patrias | |
| 490 | 1 |
_aArchivo General de la Nación _v106 |
|
| 500 | _aIncluye índice onomástico | ||
| 500 | _aInlcuye rerefencias bibliográficas y notas al pie de las páginas. | ||
| 504 | _aBibliografía : páginas 307-308 | ||
| 590 | _aInventariado, 2023 / DG | ||
| 650 | 4 |
_aDerecho colonial español _xAmérica _983096 |
|
| 650 | 4 |
_aEspañoles en República Dominicana _946289 |
|
| 910 | _aDG | ||
| 942 |
_2ddc _cLBS1 |
||
| 999 |
_c29974 _d29974 |
||